| 000 | 01014cam a22002771a 4500 | ||
|---|---|---|---|
| 001 | gs 35000279 | ||
| 003 | DLC | ||
| 005 | 20260227111340.0 | ||
| 008 | 750513s1935 ctuabf b s001 0 eng c | ||
| 010 | _ags 35000279 | ||
| 035 | _a(OCoLC)1330387 | ||
| 040 |
_aU.S. Geol. Survey. Libr. _cCt _dOCoLC _dCSfA _dDLC |
||
| 042 | _apremarc | ||
| 043 | _an-us-ct | ||
| 050 | 0 | 0 |
_aQL719.G8 _bG6 |
| 082 | _a599.09746 | ||
| 100 | 1 | _aGoodwin, George Gilbert. | |
| 245 | 1 | 4 |
_aThe mammals of Connecticut / _cby George Gilbert Goodwin. |
| 260 |
_aHartford : _bState Geological and Natural History Survey, _c1935. |
||
| 300 |
_a221, v p., 33 p. of plates : _bill., maps ; _c23 cm. |
||
| 490 | 1 |
_aBulletin / State Geological and Natural History Survey ; _vno. 53 |
|
| 440 | 0 |
_aState of Connecticut public document ; _vno. 47 |
|
| 504 | _aIncludes bibliographical references (p. 214) and indexes. | ||
| 650 | 0 |
_aMammals _zConnecticut. |
|
| 830 | 0 |
_aBulletin (State Geological and Natural History Survey of Connecticut) ; _v53. |
|
| 999 |
_c27223 _d27223 |
||